000
00253nam a2200097Ia 4500
008
240331s9999 xx 000 0 und d
082
_b
UYA
100
_a
Uyangoda, J
245
0
_a
Writing Research Proposals in the Social Sciences and Humanities
942
_c
L
999
_c
5666
_d
5666